Changes in labour force and employment: Evidence from PLFS data (Record no. 524693)

000 -LEADER
fixed length control field 01461nam a22001457a 4500
008 - FIXED-LENGTH DATA ELEMENTS--GENERAL INFORMATION
fixed length control field 240111b ||||| |||| 00| 0 eng d
100 ## - MAIN ENTRY--PERSONAL NAME
Personal name Chand, Ramesh
245 ## - TITLE STATEMENT
Title Changes in labour force and employment: Evidence from PLFS data
260 ## - PUBLICATION, DISTRIBUTION, ETC. (IMPRINT)
Place of publication, distribution, etc The Indian Journal of Labour Economics
300 ## - PHYSICAL DESCRIPTION
Extent 66(3), Jul-Sep, 2023: p.645-660
520 ## - SUMMARY, ETC.
Summary, etc The paper analyse and discuss changes in labour force and employment in the recent period using data from periodic labour force surveys of the National Statistical Office (NSO), GOI, for the period 2017–18 to 2021–22. It examines the veracity of assertions such as: (i) decline in worker-to-population ratio in recent years, (ii) increase in unemployment, (iii) withdrawal of women from workforce, and (iv) deterioration in the overall employment scenario in the country, among others. Labour force participation rate (LFPR) and worker-to-population rates (WPR) show significant increase, while unemployment dropped from 6 to 4% between 2017–18 and 2021–22. The period also witnessed sizable increase in female employment as their WPR increased by 50.0%, from 16.5% in 2017–18 to 24.0% in 2021–22. This has led to higher share of women in country’s workforce and diluted dominance of male in all occupation categories.- Reproduced

https://link.springer.com/article/10.1007/s41027-023-00457-2
773 ## - HOST ITEM ENTRY
Main entry heading The Indian Journal of Labour Economics
906 ## - LOCAL DATA ELEMENT F, LDF (RLIN)
Subject DIP LABOURS
942 ## - ADDED ENTRY ELEMENTS (KOHA)
Item type Articles
Holdings
Withdrawn status Lost status Source of classification or shelving scheme Damaged status Not for loan Permanent location Current location Date acquired Serial Enumeration / chronology Barcode Date last seen Koha item type
          Indian Institute of Public Administration Indian Institute of Public Administration 2024-01-11 66(3), Jul-Sep, 2023: p.645-660 AR130514 2024-01-11 Articles

Powered by Koha